Central Library OPAC University of Rajshahi
Normal view MARC view

Entry Personal Name

Number of records used in: 7

001 - CONTROL NUMBER

  • control field: 7334

003 - CONTROL NUMBER IDENTIFIER

  • control field: BD-RjUL

005 - DATE AND TIME OF LATEST TRANSACTION

  • control field: 20230412150404.0

008 - FIXED-LENGTH DATA ELEMENTS

  • fixed length control field: 230412|| aca||aabn | a|a d

040 ## - CATALOGING SOURCE

  • Original cataloging agency: BD-RjUL
  • Transcribing agency: BD-RjUL

100 ## - HEADING--PERSONAL NAME

  • Personal name: Hossain, Md. Monzur, Supervisor

670 ## - SOURCE DATA FOUND

  • Source citation: Work cat.: (BD-RjUL)81344: Azmiree, Humayra Nargis 7332, Genetic diversity analysis using morphological characters and dna markers in selected citrus species grown in Bangladesh /, 2018